[Event "Madrid 2023-2024ch - Semifinal"]
[Site "Madrid ESP"]
[Date "2024.05.10"]
[Round "5.7"]
[White "Urrutia Gonzalez, Javier"]
[Black "Moreno Lopez, Avelino"]
[Result "1/2-1/2"]
[WhiteElo "1983"]
[BlackElo "2001"]
[PlyCount "69"]
[EventDate "2024.05.06"]
[EventRounds "7"]
[SourceTitle "AjedrezenMadrid"]
[Source "lmi"]
[SourceDate "2024.05.06"]
[SourceVersion "1"]
[SourceVersionDate "2024.05.12"]
[SourceQuality "1"]

1. e4 c6 2. Nf3 d5 3. Nc3 dxe4 4. Nxe4 Nf6 5. Qe2 Nxe4 6. Qxe4 e6 7. d4 Nd7 8.
Bc4 Nf6 9. Qe2 a6 10. Bg5 Be7 11. O-O O-O 12. Rad1 Qc7 13. c3 b6 14. Rfe1 Bd6
15. Ne5 Nd5 16. Bc1 Bb7 17. Rd3 f6 18. Nf3 Rae8 19. Rdd1 b5 20. Bd3 e5 21. Qc2
g6 22. Bh6 Rf7 23. h3 Kh8 24. b4 Bc8 25. dxe5 Bxe5 26. Nxe5 Rxe5 27. Qb2 Rfe7
28. Bd2 Rxe1+ 29. Rxe1 Rxe1+ 30. Bxe1 Nf4 31. Bf1 Qe5 32. Qd2 Bf5 33. c4 Bd3
34. g3 Ne2+ 35. Bxe2 1/2-1/2

[Event "Madrid 2023-2024ch - Semifinal"]
[Site "Madrid ESP"]
[Date "2024.05.10"]
[Round "5.8"]
[White "Martinez Fernandez, Raul"]
[Black "Sanchez Rodriguez, Jaime"]
[Result "1-0"]
[WhiteElo "2181"]
[BlackElo "1903"]
[PlyCount "39"]
[EventDate "2024.05.06"]
[EventRounds "7"]
[SourceTitle "AjedrezenMadrid"]
[Source "lmi"]
[SourceDate "2024.05.06"]
[SourceVersion "1"]
[SourceVersionDate "2024.05.12"]
[SourceQuality "1"]

1. e4 d5 2. exd5 Qxd5 3. Nc3 Qd6 4. d4 Nf6 5. Nf3 c6 6. Ne5 Nbd7 7. f4 a6 8.
Bc4 e6 9. a4 Qc7 10. Qe2 Be7 11. O-O O-O 12. f5 Nxe5 13. dxe5 Nd5 14. f6 Bc5+
15. Kh1 Nxc3 16. bxc3 g6 17. Ba3 Qa5 18. Qd2 Kh8 19. Qh6 Rg8 20. Rf3 1-0

[Event "Madrid 2023-2024ch - Semifinal"]
[Site "Madrid ESP"]
[Date "2024.05.10"]
[Round "5.9"]
[White "Martin Martin, Luis Vicente"]
[Black "Pavon Mestras, Luis"]
[Result "0-1"]
[WhiteElo "1953"]
[BlackElo "1885"]
[PlyCount "86"]
[EventDate "2024.05.06"]
[EventRounds "7"]
[SourceTitle "AjedrezenMadrid"]
[Source "lmi"]
[SourceDate "2024.05.06"]
[SourceVersion "1"]
[SourceVersionDate "2024.05.12"]
[SourceQuality "1"]

1. d4 Nf6 2. Bf4 c5 3. e3 e6 4. c3 b6 5. Nf3 Bb7 6. Bd3 Be7 7. h3 O-O 8. O-O d6
9. Qe2 Re8 10. e4 Nbd7 11. Nbd2 cxd4 12. cxd4 Bf8 13. Bh2 a6 14. Rac1 e5 15.
dxe5 Nxe5 16. Nxe5 dxe5 17. Nf3 Bd6 18. Rfd1 Qe7 19. Nh4 g6 20. Nf3 b5 21. Bg3
Nh5 22. Bh4 f6 23. Bc2 Bc5 24. Kh2 Rac8 25. Ne1 Nf4 26. Qf3 Rf8 27. Nd3 Bd6 28.
Nxf4 exf4 29. Qb3+ Kg7 30. f3 h5 31. Bd3 g5 32. Be1 g4 33. a4 f5 34. Bc3+ Kh6
35. Re1 Rce8 36. exf5 Qd7 37. Re6+ Rxe6 38. fxe6 Qe7 39. Rf1 Rg8 40. Be2 gxh3
41. Rg1 hxg2 42. Rxg2 Qh4+ 43. Kg1 Bc5+ 0-1

[Event "Madrid 2023-2024ch - Semifinal"]
[Site "Madrid ESP"]
[Date "2024.05.10"]
[Round "5.10"]
[White "Lopez de Turiso Sanchez, Jose An"]
[Black "Moya Barba, Diego"]
[Result "1-0"]
[WhiteElo "1943"]
[BlackElo "1881"]
[PlyCount "73"]
[EventDate "2024.05.06"]
[EventRounds "7"]
[SourceTitle "AjedrezenMadrid"]
[Source "lmi"]
[SourceDate "2024.05.06"]
[SourceVersion "1"]
[SourceVersionDate "2024.05.12"]
[SourceQuality "1"]

1. Nf3 d5 2. c4 c6 3. Qc2 Nf6 4. b3 g6 5. Bb2 Bg7 6. g3 O-O 7. Bg2 Bf5 8. d3
Re8 9. O-O Qc8 10. Re1 Na6 11. Nbd2 Nb4 12. Qb1 Bh3 13. Bh1 a5 14. a3 Na6 15.
Bc3 Nd7 16. Bxg7 Kxg7 17. cxd5 cxd5 18. Rc1 Qb8 19. Ng5 Bg4 20. Qb2+ f6 21.
Bxd5 Bxe2 22. Ne6+ Kh8 23. Nc4 Bxd3 24. Qd2 Bf5 25. Qh6 Bxe6 26. Bxe6 Nf8 27.
Bf7 Rd8 28. Nb6 Ra7 29. Rc4 Qd6 30. Nc8 Qe5 31. Rac1 b5 32. Rh4 Rad7 33. Nb6
Rd1+ 34. Rxd1 Rxd1+ 35. Kg2 Qb8 36. Bxg6 Qb7+ 37. Be4 1-0

[Event "Madrid 2023-2024ch - Semifinal"]
[Site "Madrid ESP"]
[Date "2024.05.10"]
[Round "5.11"]
[White "Ortega Sanchez Montanez, Marcos"]
[Black "San Vicente Crespo, Pablo"]
[Result "0-1"]
[WhiteElo "1879"]
[BlackElo "1926"]
[PlyCount "66"]
[EventDate "2024.05.06"]
[EventRounds "7"]
[SourceTitle "AjedrezenMadrid"]
[Source "lmi"]
[SourceDate "2024.05.06"]
[SourceVersion "1"]
[SourceVersionDate "2024.05.12"]
[SourceQuality "1"]

1. d4 Nf6 2. Bf4 g6 3. Nc3 d5 4. h4 Bg7 5. e3 Bf5 6. Be2 h5 7. Nf3 Ne4 8. Nxe4
dxe4 9. Ne5 Nd7 10. Nxd7 Qxd7 11. c3 O-O 12. Qb3 Rfd8 13. Qxb7 e5 14. dxe5 Rab8
15. Qa6 Qd2+ 16. Kf1 Rxb2 17. Bg3 Bg4 18. f3 exf3 19. gxf3 Bc8 20. Qc4 Qxe3 21.
Bf4 Qb6 22. Rg1 Bh3+ 23. Rg2 Bxg2+ 24. Kxg2 Bxe5 25. Bxe5 Qe3 26. Re1 Qxe5 27.
Kf1 Qg3 28. Qe4 Qh3+ 29. Kg1 Rbd2 30. Rf1 Qg3+ 31. Kh1 Qd6 32. Rf2 Rb8 33. Bc4
Rxf2 0-1

[Event "Madrid 2023-2024ch - Semifinal"]
[Site "Madrid ESP"]
[Date "2024.05.10"]
[Round "5.12"]
[White "Anton Ortiz, Carlos"]
[Black "Alvarez Abejon, Amilcar"]
[Result "1/2-1/2"]
[WhiteElo "1766"]
[BlackElo "1924"]
[PlyCount "53"]
[EventDate "2024.05.06"]
[EventRounds "7"]
[SourceTitle "AjedrezenMadrid"]
[Source "lmi"]
[SourceDate "2024.05.06"]
[SourceVersion "1"]
[SourceVersionDate "2024.05.12"]
[SourceQuality "1"]

1. d4 d5 2. Nf3 Nf6 3. c4 e6 4. g3 Bb4+ 5. Bd2 Be7 6. Bg2 c6 7. Qc2 Nbd7 8. O-O
b6 9. Nc3 Bb7 10. Rfd1 Rc8 11. b3 O-O 12. e4 c5 13. exd5 exd5 14. Nxd5 Nxd5 15.
cxd5 cxd4 16. Qb2 Bxd5 17. Rac1 Rxc1 18. Bxc1 Bf6 19. Qd2 Ne5 20. Nxe5 Bxe5 21.
Qd3 Bxg2 22. Kxg2 Qd5+ 23. Qf3 Qxf3+ 24. Kxf3 Rd8 25. Bf4 Bxf4 26. Kxf4 g6 27.
Rd2 1/2-1/2

[Event "Madrid 2023-2024ch - Semifinal"]
[Site "Madrid ESP"]
[Date "2024.05.10"]
[Round "5.13"]
[White "Pashov, Spas Nikolov"]
[Black "Zhao, Yuyang"]
[Result "1-0"]
[WhiteElo "1893"]
[BlackElo "1809"]
[PlyCount "65"]
[EventDate "2024.05.06"]
[EventRounds "7"]
[SourceTitle "AjedrezenMadrid"]
[Source "lmi"]
[SourceDate "2024.05.06"]
[SourceVersion "1"]
[SourceVersionDate "2024.05.12"]
[SourceQuality "1"]

1. e4 d6 2. d4 Nf6 3. Nc3 g6 4. Be2 Bg7 5. Be3 Nbd7 6. Qd2 c6 7. f3 b5 8. Bh6
Bxh6 9. Qxh6 b4 10. Na4 Qa5 11. b3 Nb6 12. Nb2 Qa3 13. Nd3 Be6 14. Nh3 Bxh3 15.
Qxh3 O-O 16. Qh6 Rfc8 17. Qc1 Qxc1+ 18. Rxc1 c5 19. dxc5 dxc5 20. c4 bxc3 21.
Rxc3 c4 22. bxc4 Nxc4 23. Kf2 Nd2 24. Rxc8+ Rxc8 25. Rc1 Rxc1 26. Nxc1 Nb1 27.
Ke3 Nc3 28. Kd4 Nxe2+ 29. Nxe2 Nd7 30. Nc3 Kf8 31. Nb5 a5 32. Na7 e5+ 33. Kd5
1-0

[Event "Madrid 2023-2024ch - Semifinal"]
[Site "Madrid ESP"]
[Date "2024.05.10"]
[Round "5.14"]
[White "Vazquez Gonzalez, Jesus"]
[Black "Cardena Contreras, Javier"]
[Result "0-1"]
[WhiteElo "1955"]
[BlackElo "1885"]
[PlyCount "48"]
[EventDate "2024.05.06"]
[EventRounds "7"]
[SourceTitle "AjedrezenMadrid"]
[Source "lmi"]
[SourceDate "2024.05.06"]
[SourceVersion "1"]
[SourceVersionDate "2024.05.12"]
[SourceQuality "1"]

1. e4 c5 2. Nf3 Nf6 3. Bd3 Nc6 4. c3 e5 5. O-O d5 6. Re1 dxe4 7. Bxe4 Nxe4 8.
Rxe4 Qd5 9. Qe1 f5 10. Re3 f4 11. c4 Qd6 12. Re4 Bf5 13. Rxf4 Qe6 14. Ng5 Qg6
15. Nf3 Be7 16. Nxe5 Nxe5 17. Qxe5 Bxb1 18. a4 Qc2 19. Qe1 O-O-O 20. Rf7 Rhe8
21. Qe6+ Kb8 22. h3 Qxc1+ 23. Kh2 Bd6+ 24. g3 Qxb2 0-1

[Event "Madrid 2023-2024ch - Semifinal"]
[Site "Madrid ESP"]
[Date "2024.05.10"]
[Round "5.15"]
[White "De Vicente Guijarro, Juan"]
[Black "Vukotic Jovsic, Dragan"]
[Result "1-0"]
[WhiteElo "1872"]
[BlackElo "1849"]
[PlyCount "39"]
[EventDate "2024.05.06"]
[EventRounds "7"]
[SourceTitle "AjedrezenMadrid"]
[Source "lmi"]
[SourceDate "2024.05.06"]
[SourceVersion "1"]
[SourceVersionDate "2024.05.12"]
[SourceQuality "1"]

1. e4 c5 2. Nf3 d6 3. d4 cxd4 4. Nxd4 Nf6 5. Nc3 g6 6. Be2 Bg7 7. O-O O-O 8.
Re1 Nc6 9. Nb3 Be6 10. Bf1 Rc8 11. Nd5 Re8 12. c3 Na5 13. Bb5 Nc6 14. Bg5 a6
15. Bf1 Nd7 16. Nf4 Bxb3 17. axb3 h6 18. Bh4 g5 19. Nh5 gxh4 20. Qg4 1-0

[Event "Madrid 2023-2024ch - Semifinal"]
[Site "Madrid ESP"]
[Date "2024.05.10"]
[Round "5.16"]
[White "Arevillca Colque, Jonatan"]
[Black "Calderon Rojo, Borja"]
[Result "0-1"]
[WhiteElo "1912"]
[BlackElo "1876"]
[PlyCount "132"]
[EventDate "2024.05.06"]
[EventRounds "7"]
[SourceTitle "AjedrezenMadrid"]
[Source "lmi"]
[SourceDate "2024.05.06"]
[SourceVersion "1"]
[SourceVersionDate "2024.05.12"]
[SourceQuality "1"]

1. e4 e5 2. Nf3 Nc6 3. d4 exd4 4. Bc4 Nf6 5. O-O Nxe4 6. Re1 d5 7. Bxd5 Qxd5 8.
Nc3 Qd7 9. Nxe4 Be7 10. Bg5 O-O 11. Bxe7 Qxe7 12. Nxd4 Bd7 13. Nb5 Be6 14. Re3
Rad8 15. Qc1 Rd7 16. Rg3 Rfd8 17. Nbc3 Nd4 18. h3 Bf5 19. Re3 Qb4 20. Ng3 Bg6
21. Nce4 Nf5 22. Nxf5 Bxf5 23. Nc3 h6 24. Rf3 Bg6 25. a3 Qb6 26. b3 Rd2 27. Ra2
Qd4 28. a4 Kh7 29. a5 Qe5 30. Re3 Qh5 31. Rf3 Be4 32. g4 Qh4 33. Rg3 f5 34.
gxf5 Qf4 35. Qe1 Bxf5 36. Ra4 R8d4 37. Rxd4 Qxd4 38. Qe3 Qxe3 39. Rxe3 Rxc2 40.
Nb5 a6 41. Nd4 Rc1+ 42. Kg2 Bd7 43. Re7 Bc6+ 44. Kg3 Kg6 45. f4 Rc3+ 46. Kg4
h5+ 47. Kh4 Bg2 48. f5+ Kf6 49. Re6+ Kf7 50. Kxh5 Rxh3+ 51. Kg4 Rd3 52. Nc2
Bh3+ 53. Kf4 Rxb3 54. Ne3 Rb5 55. Re4 Rxa5 56. Rc4 c6 57. Rb4 Rb5 58. Rxb5 cxb5
59. Kg3 Bxf5 60. Nxf5 Ke6 61. Nxg7+ Kd5 62. Ne8 b4 63. Nc7+ Kc4 64. Ne8 Kc3 65.
Nd6 b3 66. Ne4+ Kc2 0-1

[Event "Madrid 2023-2024ch - Semifinal"]
[Site "Madrid ESP"]
[Date "2024.05.10"]
[Round "5.17"]
[White "Lozano Argueso, Cesar"]
[Black "Bocancea, Cristian Andrei"]
[Result "1-0"]
[WhiteElo "1897"]
[BlackElo "1858"]
[PlyCount "79"]
[EventDate "2024.05.06"]
[EventRounds "7"]
[SourceTitle "AjedrezenMadrid"]
[Source "lmi"]
[SourceDate "2024.05.06"]
[SourceVersion "1"]
[SourceVersionDate "2024.05.12"]
[SourceQuality "1"]

1. e4 c5 2. g3 Nc6 3. Bg2 g6 4. d3 Bg7 5. f4 d6 6. Nf3 e6 7. Nc3 Nge7 8. Be3
Qb6 9. Rb1 Nd4 10. O-O O-O 11. Kh1 Bd7 12. Ne2 Nxe2 13. Qxe2 Nc6 14. c3 Qa5 15.
a3 b5 16. e5 Qc7 17. exd6 Qxd6 18. Ng5 f5 19. Qf2 Qc7 20. Bxc5 Rfe8 21. Rfe1
Rac8 22. Re2 h6 23. Nf3 Rcd8 24. Rbe1 Bc8 25. d4 Na5 26. Nh4 Kh7 27. d5 Nb3 28.
Bxa7 Rd6 29. Nf3 Re7 30. Bd4 Nxd4 31. Nxd4 Bxd4 32. Qxd4 Qd8 33. Re5 Red7 34.
Rxe6 Rxe6 35. Rxe6 Bb7 36. Re5 Qa8 37. h4 h5 38. Kh2 Kh6 39. a4 bxa4 40. c4 1-0

[Event "Madrid 2023-2024ch - Semifinal"]
[Site "Madrid ESP"]
[Date "2024.05.10"]
[Round "5.19"]
[White "Godoy Herrera, Carlos"]
[Black "Urosa Sanchez, Pablo"]
[Result "1/2-1/2"]
[WhiteElo "1834"]
[BlackElo "1827"]
[PlyCount "91"]
[EventDate "2024.05.06"]
[EventRounds "7"]
[SourceTitle "AjedrezenMadrid"]
[Source "lmi"]
[SourceDate "2024.05.06"]
[SourceVersion "1"]
[SourceVersionDate "2024.05.12"]
[SourceQuality "1"]

1. d4 d5 2. Bf4 c5 3. e3 cxd4 4. exd4 Nc6 5. c3 Nf6 6. Bd3 Bg4 7. Qb3 Qc8 8.
Nd2 e6 9. Ngf3 Bxf3 10. Nxf3 Be7 11. O-O O-O 12. Rfe1 Nh5 13. Bd2 Qc7 14. Qc2
Nf6 15. Bg5 h6 16. Bh4 Rab8 17. Qe2 Nh5 18. Bxe7 Qxe7 19. g3 Nf6 20. Rac1 Rfc8
21. Ne5 Rc7 22. f4 Rbc8 23. Nxc6 Rxc6 24. Qf3 a6 25. g4 Nh7 26. Qxd5 Qh4 27.
Qf3 Nf6 28. h3 Nd5 29. Kg2 b5 30. Be4 Rd6 31. Bxd5 Rxd5 32. Re5 Rxd4 33. Qe3
Rd6 34. Re1 Rcd8 35. Qg3 Qe7 36. f5 Qb7+ 37. Qf3 Rd2+ 38. R1e2 Rxe2+ 39. Rxe2
Qxf3+ 40. Kxf3 exf5 41. gxf5 Kf8 42. h4 Rd3+ 43. Kg4 Rd5 44. Kf4 Rd3 45. Kg4
Rd5 46. Kf4 1/2-1/2

[Event "Madrid 2023-2024ch - Semifinal"]
[Site "Madrid ESP"]
[Date "2024.05.11"]
[Round "6.1"]
[White "Martin Rodriguez, Emilio"]
[Black "Torres Rebolledo, Victor"]
[Result "0-1"]
[WhiteElo "2037"]
[BlackElo "2214"]
[PlyCount "80"]
[EventDate "2024.05.06"]
[EventRounds "7"]
[SourceTitle "AjedrezenMadrid"]
[Source "lmi"]
[SourceDate "2024.05.06"]
[SourceVersion "1"]
[SourceVersionDate "2024.05.12"]
[SourceQuality "1"]

1. d4 Nf6 2. Nf3 e6 3. Bg5 h6 4. Bh4 c5 5. e3 cxd4 6. exd4 Qb6 7. Bxf6 gxf6 8.
Nbd2 d5 9. Bd3 Nc6 10. O-O Bd7 11. c4 O-O-O 12. c5 Qc7 13. Bb5 e5 14. Bxc6 Bxc6
15. b4 e4 16. Nh4 Bd7 17. Rc1 Kb8 18. c6 Be6 19. cxb7 Qxb7 20. Nb3 Rc8 21. Nc5
Bxc5 22. dxc5 Rhg8 23. Qd4 f5 24. Nxf5 Bxf5 25. Qe5+ Qc7 26. Qxf5 Rg5 27. Qf6
Rg6 28. Qh4 Rcg8 29. g3 Qd8 30. Qf4+ Qc7 31. Qf5 Rg5 32. Qh3 e3 33. f4 R5g6 34.
b5 d4 35. Qf5 Re6 36. b6 axb6 37. cxb6 Qb7 38. Rfe1 e2 39. Qd3 Re3 40. Rc7 Rxd3
0-1

[Event "Madrid 2023-2024ch - Semifinal"]
[Site "Madrid ESP"]
[Date "2024.05.11"]
[Round "6.2"]
[White "Rios Rebollo, Victor"]
[Black "Torres Rebolledo, Alvaro"]
[Result "0-1"]
[WhiteElo "2039"]
[BlackElo "2100"]
[PlyCount "62"]
[EventDate "2024.05.06"]
[EventRounds "7"]
[SourceTitle "AjedrezenMadrid"]
[Source "lmi"]
[SourceDate "2024.05.06"]
[SourceVersion "1"]
[SourceVersionDate "2024.05.12"]
[SourceQuality "1"]

1. d4 Nf6 2. c4 e6 3. Nf3 b6 4. a3 Bb7 5. Nc3 Ne4 6. Nxe4 Bxe4 7. e3 Be7 8. Bd3
Bb7 9. O-O O-O 10. e4 d6 11. Be3 Nd7 12. Re1 e5 13. d5 a5 14. b4 Re8 15. Qd2
axb4 16. axb4 Rxa1 17. Rxa1 f5 18. Bg5 f4 19. Bxe7 Qxe7 20. Ra7 Rb8 21. g3 g5
22. Bf1 h5 23. h4 gxh4 24. Nxh4 Qg5 25. Bh3 Nf6 26. Bf5 Bc8 27. Rxc7 Bxf5 28.
exf5 Ra8 29. Kg2 Ne4 30. Qd3 Ra2 31. Qxe4 Qxg3+ 0-1

[Event "Madrid 2023-2024ch - Semifinal"]
[Site "Madrid ESP"]
[Date "2024.05.11"]
[Round "6.3"]
[White "Vioque Gonzalez, Nicolas"]
[Black "Perez Diez, Victor"]
[Result "1-0"]
[WhiteElo "2045"]
[BlackElo "2012"]
[PlyCount "77"]
[EventDate "2024.05.06"]
[EventRounds "7"]
[SourceTitle "AjedrezenMadrid"]
[Source "lmi"]
[SourceDate "2024.05.06"]
[SourceVersion "1"]
[SourceVersionDate "2024.05.12"]
[SourceQuality "1"]

1. d4 d5 2. Nc3 Nf6 3. Bg5 Bf5 4. f3 Nbd7 5. e3 c5 6. dxc5 Qa5 7. Bxf6 Nxf6 8.
Bb5+ Bd7 9. Bxd7+ Kxd7 10. e4 e6 11. Qd2 Bxc5 12. O-O-O Kc6 13. Qg5 Rad8 14.
Nge2 Rhg8 15. Nd4+ Kc7 16. Qf4+ Kc8 17. e5 Nd7 18. Qxf7 Bxd4 19. Rxd4 Qb6 20.
Qf4 Rdf8 21. Qe3 Rf5 22. Rhd1 Nxe5 23. g4 Kb8 24. Na4 Nc4 25. Qd3 Qb4 26. Qb3
Qxb3 27. axb3 Rxf3 28. bxc4 dxc4 29. Nc5 b5 30. Rd7 c3 31. Rb7+ Ka8 32. Rxb5
Rc8 33. Na6 cxb2+ 34. Kxb2 Rfc3 35. Rd2 R3c6 36. Nb4 Rc4 37. Rd7 Rxg4 38. Rbb7
Rcc4 39. Na6 1-0

[Event "Madrid 2023-2024ch - Semifinal"]
[Site "Madrid ESP"]
[Date "2024.05.11"]
[Round "6.4"]
[White "San Vicente Crespo, Pablo"]
[Black "Martinez Fernandez, Raul"]
[Result "0-1"]
[WhiteElo "1926"]
[BlackElo "2181"]
[PlyCount "136"]
[EventDate "2024.05.06"]
[EventRounds "7"]
[SourceTitle "AjedrezenMadrid"]
[Source "lmi"]
[SourceDate "2024.05.06"]
[SourceVersion "1"]
[SourceVersionDate "2024.05.12"]
[SourceQuality "1"]

1. e4 e5 2. Nf3 Nc6 3. Bc4 Nf6 4. d3 h6 5. Nc3 d6 6. h3 g6 7. d4 exd4 8. Nxd4
Ne5 9. Be2 Bg7 10. Be3 O-O 11. Qd2 Kh7 12. O-O-O a6 13. f4 Ned7 14. Nf3 Qe7 15.
Bd3 b5 16. g4 Bb7 17. Rde1 b4 18. Nd5 Nxe4 19. Nxe7 Nxd2 20. Bxd2 Bxf3 21. Rhf1
Bb7 22. Be4 Bxe4 23. Rxe4 c5 24. Nd5 Nf6 25. Nxf6+ Bxf6 26. Rfe1 Kg7 27. R4e2
Bh4 28. Rg1 Rfe8 29. Rgg2 Bf6 30. c3 a5 31. Kc2 Reb8 32. Be1 a4 33. Kd3 d5 34.
c4 Rd8 35. g5 hxg5 36. fxg5 Bd4 37. Bf2 Bxf2 38. Rgxf2 Ra7 39. Re5 Rad7 40. h4
dxc4+ 41. Kxc4 Rd4+ 42. Kxc5 Rxh4 43. Re7 Rf8 44. Kb5 b3 45. axb3 axb3 46. Rc7
Rg4 47. Rc5 Rb8+ 48. Kc6 Rc8+ 49. Kd6 Rxc5 50. Kxc5 Rxg5+ 51. Kc4 Rg3 52. Kd4
g5 53. Ke5 f6+ 54. Kf5 Re3 55. Rd2 Re5+ 56. Kg4 Kg6 57. Rd3 f5+ 58. Kg3 Re3+
59. Rxe3 f4+ 60. Kf3 fxe3 61. Kxe3 Kf5 62. Kf3 Ke5 63. Ke3 g4 64. Kf2 Kf4 65.
Ke2 Ke4 66. Kd2 Kf3 67. Ke1 Ke3 68. Kf1 Kd3 0-1

[Event "Madrid 2023-2024ch - Semifinal"]
[Site "Madrid ESP"]
[Date "2024.05.11"]
[Round "6.5"]
[White "Gutierrez Diaz, Pablo"]
[Black "Lopez de Turiso Sanchez, Jose An"]
[Result "1/2-1/2"]
[WhiteElo "1994"]
[BlackElo "1943"]
[PlyCount "95"]
[EventDate "2024.05.06"]
[EventRounds "7"]
[SourceTitle "AjedrezenMadrid"]
[Source "lmi"]
[SourceDate "2024.05.06"]
[SourceVersion "1"]
[SourceVersionDate "2024.05.12"]
[SourceQuality "1"]

1. e4 e5 2. Nf3 Nc6 3. d4 exd4 4. Nxd4 Nf6 5. Nxc6 bxc6 6. Qe2 Be7 7. e5 Nd5 8.
c4 Nb6 9. Qg4 g6 10. Nc3 d6 11. Qf3 dxe5 12. Bh6 Qd6 13. Rd1 Qf6 14. Qxf6 Bxf6
15. Ne4 Ke7 16. Bd2 Bg7 17. Bb4+ Ke8 18. Be2 a5 19. Bc5 Be6 20. b3 h6 21. Bf3
f5 22. Nd6+ cxd6 23. Rxd6 e4 24. Rxe6+ Kf7 25. Rxc6 Bc3+ 26. Kd1 Nd7 27. Be2
Nxc5 28. Rxc5 Rhd8+ 29. Rd5 Ke6 30. Kc2 Bd4 31. Rxd8 Rxd8 32. Rd1 Ke5 33. f3
Rd6 34. fxe4 fxe4 35. Bg4 Rf6 36. Rd2 Rf2 37. Rxf2 Bxf2 38. b4 axb4 39. Kb3 Bc5
40. Ka4 Kd4 41. Kb5 Be7 42. Bd1 Bc5 43. h4 Be7 44. h5 gxh5 45. Bxh5 Bf8 46. Bd1
e3 47. Be2 Be7 48. Bf3 1/2-1/2

[Event "Madrid 2023-2024ch - Semifinal"]
[Site "Madrid ESP"]
[Date "2024.05.11"]
[Round "6.6"]
[White "Pavon Mestras, Luis"]
[Black "Urrutia Gonzalez, Javier"]
[Result "0-1"]
[WhiteElo "1885"]
[BlackElo "1983"]
[PlyCount "126"]
[EventDate "2024.05.06"]
[EventRounds "7"]
[SourceTitle "AjedrezenMadrid"]
[Source "lmi"]
[SourceDate "2024.05.06"]
[SourceVersion "1"]
[SourceVersionDate "2024.05.12"]
[SourceQuality "1"]

1. d4 d5 2. c4 e6 3. Nc3 Nf6 4. cxd5 exd5 5. Bg5 c6 6. Qc2 h6 7. Bh4 Be7 8. e3
O-O 9. Bd3 Re8 10. Nge2 Nbd7 11. O-O a5 12. a4 Nh5 13. Bxe7 Qxe7 14. e4 dxe4
15. Nxe4 Nb6 16. Qc5 Nd5 17. N4c3 Nhf4 18. Nxf4 Nxf4 19. Qxe7 Rxe7 20. Bc4 Be6
21. Bxe6 Rxe6 22. Rfd1 Rd8 23. Rd2 Red6 24. Rad1 Kf8 25. Kf1 Ne6 26. Ne2 Nc5
27. Rc2 Nb3 28. Rc4 Rd5 29. Rd3 Nc5 30. Re3 Ne6 31. Rb3 R8d7 32. g3 Ke8 33. Kg2
Kd8 34. Kf3 Re7 35. Re3 Kc8 36. h4 Red7 37. Re4 g5 38. Ke3 R7d6 39. Nc3 f5 40.
Re5 Rxd4 41. Rxe6 Rd3+ 42. Ke2 Rxc3 43. Rxd6 Rxc4 44. Rxh6 gxh4 45. Rxh4 Rc2+
46. Ke3 Rxb2 47. Rf4 Rb4 48. Rxf5 Rxa4 49. f3 Ra1 50. g4 b5 51. Kd3 Kc7 52. g5
a4 53. Kc3 a3 54. Kb3 b4 55. Ra5 Kb6 56. Ra8 Rb1+ 57. Ka2 Rb2+ 58. Ka1 Rg2 59.
f4 Kb5 60. Re8 Ka4 61. Re1 a2 62. Rf1 Ka3 63. g6 b3 0-1

[Event "Madrid 2023-2024ch - Semifinal"]
[Site "Madrid ESP"]
[Date "2024.05.11"]
[Round "6.7"]
[White "Alvarez Abejon, Amilcar"]
[Black "Garcia Dorado, Alberto"]
[Result "0-1"]
[WhiteElo "1924"]
[BlackElo "2199"]
[PlyCount "109"]
[EventDate "2024.05.06"]
[EventRounds "7"]
[SourceTitle "AjedrezenMadrid"]
[Source "lmi"]
[SourceDate "2024.05.06"]
[SourceVersion "1"]
[SourceVersionDate "2024.05.12"]
[SourceQuality "1"]

1. d4 Nf6 2. Bf4 e6 3. e3 c5 4. Nf3 Nc6 5. c3 d5 6. Nbd2 cxd4 7. exd4 Nh5 8.
Bg5 f6 9. Be3 Bd6 10. g3 O-O 11. Bd3 g6 12. O-O Ng7 13. Bh6 Re8 14. Qc2 Nf5 15.
Bxf5 gxf5 16. Nh4 Ne7 17. Ng2 Bd7 18. Be3 Bb5 19. Rfe1 Qb6 20. Bf4 Ng6 21. Bxd6
Qxd6 22. f4 a5 23. Re3 a4 24. a3 Bd7 25. Nf3 Nh8 26. Rae1 Nf7 27. Ngh4 Qc7 28.
Ng2 Nd6 29. Nd2 Kh8 30. Nh4 Rg8 31. Nhf3 Ne4 32. Kh1 Bb5 33. Nxe4 fxe4 34. Nh4
Rg4 35. Ng2 Rag8 36. Qf2 f5 37. Qd2 R4g7 38. Nh4 Bd3 39. Qf2 Qc4 40. Qd2 Qb5
41. Nf3 Bf1 42. Ne5 Bh3 43. Qe2 Qe8 44. Qf2 h5 45. Qe2 h4 46. Rg1 Qh5 47. Qf2
Qh7 48. Qe1 Qh6 49. Qf2 Kh7 50. Qe1 Qf6 51. Qe2 Qh6 52. Qf2 Bg4 53. Qe1 hxg3
54. Rexg3 Qxf4 55. h3 0-1

[Event "Madrid 2023-2024ch - Semifinal"]
[Site "Madrid ESP"]
[Date "2024.05.11"]
[Round "6.8"]
[White "Torres Boch, Jose Francisco"]
[Black "Pashov, Spas Nikolov"]
[Result "1/2-1/2"]
[WhiteElo "2126"]
[BlackElo "1893"]
[PlyCount "81"]
[EventDate "2024.05.06"]
[EventRounds "7"]
[SourceTitle "AjedrezenMadrid"]
[Source "lmi"]
[SourceDate "2024.05.06"]
[SourceVersion "1"]
[SourceVersionDate "2024.05.12"]
[SourceQuality "1"]

1. e4 e5 2. Nf3 Nc6 3. Bc4 Bc5 4. c3 Nf6 5. d3 d6 6. Nbd2 O-O 7. Nf1 a6 8. Bb3
Be6 9. Ne3 Bxe3 10. Bxe3 d5 11. Bc2 dxe4 12. dxe4 Qxd1+ 13. Rxd1 h6 14. b3 b6
15. Ke2 a5 16. a4 Rfd8 17. Bc1 Kf8 18. Nh4 Rxd1 19. Rxd1 Rd8 20. Rxd8+ Nxd8 21.
Nf5 Bxf5 22. exf5 c5 23. Kd3 Nb7 24. f4 e4+ 25. Ke2 Nd6 26. h3 Nxf5 27. g4 Nd6
28. c4 Ke7 29. Bb2 g6 30. Ke3 Ke6 31. Bc3 Nd7 32. Bxe4 Nxe4 33. Kxe4 f5+ 34.
Kf3 h5 35. gxh5 gxh5 36. Be1 Nf8 37. Bh4 Kd6 38. Bd8 Kc6 39. Kg3 Ng6 40. Bf6
Kd7 41. Bc3 1/2-1/2

[Event "Madrid 2023-2024ch - Semifinal"]
[Site "Madrid ESP"]
[Date "2024.05.11"]
[Round "6.9"]
[White "Moreno Lopez, Avelino"]
[Black "De Vicente Guijarro, Juan"]
[Result "0-1"]
[WhiteElo "2001"]
[BlackElo "1872"]
[PlyCount "82"]
[EventDate "2024.05.06"]
[EventRounds "7"]
[SourceTitle "AjedrezenMadrid"]
[Source "lmi"]
[SourceDate "2024.05.06"]
[SourceVersion "1"]
[SourceVersionDate "2024.05.12"]
[SourceQuality "1"]

1. c4 e5 2. d3 Ne7 3. Nf3 Nbc6 4. Nc3 d5 5. cxd5 Nxd5 6. g3 Nb6 7. Bg2 Be7 8.
O-O O-O 9. Bd2 Re8 10. Rc1 Bf8 11. Ne4 Nd4 12. b4 c6 13. Nc5 Rb8 14. a4 Nd5 15.
Rc4 Nb6 16. Rc1 Nd5 17. e4 Nxf3+ 18. Bxf3 Nf6 19. Qb3 b6 20. Be3 bxc5 21. Bxc5
Bxc5 22. Rxc5 Qd4 23. Rxc6 Rxb4 24. Qc3 Bd7 25. Rc7 Rb2 26. Qc1 Bh3 27. Bg2
Bxg2 28. Kxg2 h6 29. Rc8 Rb8 30. Rc7 Rbd8 31. f3 Rd7 32. Rc6 Red8 33. a5 Qxd3
34. Qc5 Qd4 35. Qb5 Nh7 36. Qb3 Qd2+ 37. Rf2 Qxa5 38. f4 Rd2 39. fxe5 Rxf2+ 40.
Kxf2 Qd2+ 41. Kf3 Rd3+ 0-1